| 000 | 00824nam a2200217 i 4500 | ||
|---|---|---|---|
| 001 | 21576 | ||
| 003 | ES-MaACL | ||
| 005 | 20230906152516.0 | ||
| 007 | t| | ||
| 008 | 021126s1898 po |||| | por d | ||
| 080 | _a91.041(914) | ||
| 100 | 1 |
_aAlberto, Caetano. _919360 |
|
| 245 | 1 | 0 |
_aDescobrimento das Filippinas pelo navegador portuguez Fernão de Magalhães / _cCaetano Alberto. |
| 260 |
_aLisboa : _bEmpresa do Occidente, _c1898. |
||
| 300 |
_a147 p., [3] h. de lám. ; _c20 cm. |
||
| 530 | _aDisponible en formato digital. | ||
| 600 | 1 | 4 |
_aMagallanes, Fernando de ( _dm. 1521) _9143242 |
| 651 | 4 |
_aFilipinas- _xDescubrimientos y exploraciones- _xEspañoles. _9150281 |
|
| 852 | 4 |
_aES-MaACL _jG-9196 |
|
| 856 | 4 |
_uhttp://bibliotecadigital.aecid.es/bibliodig/i18n/consulta/registro.cmd?id=6560 _zBiblioteca Digital AECID |
|
| 999 |
_c21576 _d21576 |
||